01014nam a2200253 i 4500001000300000100003200003245009300035246005300128260003700181300002500218490004900243500013400292500010400426650003300530700003100563830003800594020002900632020001500661040000800676041001300684044000800697080001400705008004100719bg1 aScott, Walterd(1771-1832).10aWaverley albo lat temu sześćdziesiąt /cWalter Scott ; przeł. Teresa Świderska.1 iTyt. oryg.:aWaverley or 'this sixty years since a[s.l.] :bMediasat Group,c2005. a506 [2] s. ;c21 cm.1 aBiblioteka Gazety Wyborczej : XIX wiek ;v23 aTyt. oryg.: "Waverley or 'this sixty years since". - Oparto na wyd. Państw. Inst. Wydaw. z 1962 r. wg oprac. Andrzeja Tretiaka. aWyd. we współpr. merytorycznej z Zakładem Narodowym im. Ossolińskich - Wydawnictwo, Wrocław. 9aPowieść angielskay19 w.1 aŚwiderska, Teresa.eTł. 0aBiblioteka Gazety Wyborczej ;v23 a8498191645 (całość) a8498191947 cBPK1 apolheng aPOL a821.111-3 s pl f |000 0 pol